Winners of the Italian soccer supercup - Statistics

General Stats
  • This quiz has been taken 287 times
    194 since last reset
  • The average score is 27 of 34
Answer Stats
Hint Answer % Correct
2018 Juventus
100%
2020 Juventus
100%
1989 Internazionale
99%
2005 Internazionale
99%
2006 Internazionale
99%
2008 Internazionale
99%
2010 Internazionale
99%
2021 Internazionale
99%
1988 Milan
98%
1992 Milan
98%
1993 Milan
98%
1994 Milan
98%
2004 Milan
98%
2011 Milan
98%
2016 Milan
98%
1998 Lazio
96%
2000 Lazio
96%
2009 Lazio
96%
2017 Lazio
96%
2019 Lazio
96%
2001 Roma
96%
2007 Roma
96%
1990 Napoli
93%
2014 Napoli
93%
1996 Fiorentina
77%
1999 Parma
73%
1991 Sampdoria
71%
1995 Juventus
16%
1997 Juventus
16%
2002 Juventus
16%
2003 Juventus
16%
2012 Juventus
16%
2013 Juventus
16%
2015 Juventus
16%
No matching quizzes found
Score Distribution
Percent of People with Each Score
Percentile by Number Answered
Your Score History
You have not taken this quiz since the last reset